| 000 | 00489nam a22001457a 4500 | ||
|---|---|---|---|
| 005 | 20260427115932.0 | ||
| 008 | 260427b |||||||| |||| 00| 0 eng d | ||
| 020 | _a978-81-265-3687-0 | ||
| 100 | _aSolomons T.W. Graham & Fryhle B. Craig | ||
| 245 |
_aOrganic Chemistry: International Students Version _c/ T.W. Graham Solomons and Craig B. Fryhle |
||
| 250 | _a10th ed | ||
| 260 |
_aDaryaganj New Delhi; _bWiley India Pvt Ltd; _c2011 |
||
| 300 |
_axxix,1164p.ill; _c23.5cm |
||
| 942 |
_2ddc _cBK _n0 |
||
| 999 |
_c239 _d239 |
||